| 000 | 00623nam a2200193 i 4500 | ||
|---|---|---|---|
| 001 | 119970 | ||
| 003 | ES-MaACL | ||
| 005 | 20230906191434.0 | ||
| 007 | t| | ||
| 008 | 070214s1949 bl r ||||1| por d | ||
| 100 | 1 |
_aCarmo, J. A. Pinto do. _935332 |
|
| 245 | 1 | 0 |
_aRui Barbosa e o Don Quixote / _cJ. A. Pinto do Carmo. |
| 260 |
_a[Río de Janeiro] : _bCasa de Rui Barbosa, _c1949. |
||
| 300 |
_a16 p., 8 lám. ; _c24 cm. |
||
| 600 | 0 | 4 |
_aBarbosa, Ruy. _925475 |
| 600 | 1 | 4 |
_aCervantes Saavedra, Miguel de, _d1547-1616. _tDon Quijote de la Mancha _937612 |
| 852 |
_aES-MaACL _j1916-F-21 _bR.29831 |
||
| 999 |
_c119970 _d119970 |
||